| 000 | 00600nam a2200229Ia 4500 | ||
|---|---|---|---|
| 008 | 180523s9999 xx 000 0 und d | ||
| 020 | _a0-07-239688-1 | ||
| 050 | _aMAIN HF 5635 | ||
| 050 | _b.F56 2002 c.1 | ||
| 245 | 0 | _aFinancial and managerial accounting : | |
| 245 | 4 | _bthe basis for business decisions / | |
| 245 | 0 | _cJan R. Williams… [[et al].] | |
| 250 | _a12th Edition | ||
| 260 | _aNew York : | ||
| 260 | _bMcGraw-Hill, | ||
| 260 | _c2002 | ||
| 300 | _a1135 pages : | ||
| 300 | _billustrations ; | ||
| 300 | _c24 cm. | ||
| 500 | _aIncludes index. | ||
| 650 | _aAccounting. | ||
| 999 |
_c357188 _d357188 |
||